=LDR 00000nam 2200000 4500 =001 INLIS000000000046709 =005 20150427135650.0 =006 =007 =008 =035 ##$$0010-041500000000191 =082 ##$$a 304.6-Pol-t =100 ##$$a AH. POLLARD =245 ##$$a Teknik demokrafi =260 ##$$a jakarta $b Bina Aksara $c 1982 =300 ##$$a xii,302 Hlm $c 21 Cm =850 ##$$aNBPNMAT =990 ##$$a 0001/BPAP-NTB/20142015 =990 ##$$a 0001/BPAP-NTB/20142015